| 000 | 01171cam a2200337 a 4500 | ||
|---|---|---|---|
| 999 |
_c5178 _d5178 |
||
| 001 | 13823430 | ||
| 003 | OCoLC | ||
| 005 | 20181221180104.0 | ||
| 008 | 860619s1986 vaua b 001 0 eng | ||
| 010 | _a86014413 | ||
| 020 | _a0809447800 | ||
| 020 | _a9780809447800 | ||
| 020 | _a0809447819 (lib. bdg.) | ||
| 020 | _a9780809447817 (lib. bdg.) | ||
| 035 | _a(OCoLC)13823430 | ||
| 040 |
_aDLC _beng _cDLC _dYDXCP _dBTCTA _dOCLCQ _dOCLCG _dVOV _dOCLCQ _dMJO |
||
| 043 | _an-usp-- | ||
| 050 | 0 | 0 |
_aE470.9 _b.J67 1986 |
| 082 |
_a973.7 _bC837C |
||
| 100 | 1 |
_aJosephy, Alvin M., _d1915-2005. |
|
| 245 | 1 | 0 |
_aWar on the frontier : _bthe trans-Mississippi West / _cby Alvin M. Josephy, Jr. and the editors of Time-Life Books. |
| 260 |
_aAlexandria, Va. : _bTime-Life Books, _cc1986. |
||
| 300 |
_a176 p. : _bill. (some col.) ; _c29 cm. |
||
| 490 | 1 | _aThe Civil War | |
| 504 | _aIncludes bibliographical references (p. 172-173) and index. | ||
| 520 | _aAn account of the people and events involved in the war on the frontier. | ||
| 651 | 0 |
_aWest (U.S.) _xHistory _yCivil War, 1861-1865 _xCampaigns. |
|
| 710 | 2 | _aTime-Life Books. | |
| 830 | 0 | _aCivil War. | |
| 942 |
_2ddc _cBK |
||